Réflexions sur l'imitation des ouvres grecques en peinture et en sculpture (Record no. 133841)

MARC details
000 -LEADER
campo de control de longitud fija 01177nam a2200289 i 4500
001 - NÚMERO DE CONTROL
campo de control 133841
003 - IDENTIFICADOR DE NÚMERO DE CONTROL
campo de control ES-MaACL
005 - FECHA Y HORA DE LA ÚLTIMA TRANSACCIÓN
campo de control 20250816050200.0
007 - CAMPO FIJO DE DESCRIPCIÓN FÍSICA--INFORMACIÓN GENERAL
campo de control de longitud fija t|
008 - DATOS DE LONGITUD FIJA--INFORMACIÓN GENERAL
campo de control de longitud fija 070831s1954 fr ||||1| fre d
080 ## - NÚMERO DE LA CLASIFICACIÓN DECIMAL UNIVERSAL
Número de la Clasificación Decimal Universal 73.032.6
080 ## - NÚMERO DE LA CLASIFICACIÓN DECIMAL UNIVERSAL
Número de la Clasificación Decimal Universal 75.032.6
100 1# - ENTRADA PRINCIPAL--NOMBRE DE PERSONA
Nombre de persona Winckelmann, Johann Joachim.
9 (RLIN) 117058
245 10 - MENCIÓN DEL TÍTULO
Título Réflexions sur l'imitation des ouvres grecques en peinture et en sculpture
Resto del título : = Gedanken über die Nachahmung der griechischen Werke in der Malerei und bildhauerkunst /
Mención de responsabilidad, etc. J.-J. Winckelmann ; [traduction, introduction et notes Léon Mis].
260 ## - PUBLICACIÓN, DISTRIBUCIÓN, ETC.
Lugar de publicación, distribución, etc. Paris :
Nombre del editor, distribuidor, etc. Montaigne,
Fecha de publicación, distribución, etc. [1954]
300 ## - DESCRIPCIÓN FÍSICA
Extensión 211 p. ;
Dimensiones 19 cm.
490 1# - MENCIÓN DE SERIE
Mención de serie Littératue allemande. Collection Bilingue
500 ## - NOTA GENERAL
Nota general Biblioteca Jacinto Martínez Lacalle.
500 ## - NOTA GENERAL
Nota general Texto en alemán y francés.
650 17 - PUNTO DE ACCESO ADICIONAL DE MATERIA--TÉRMINO DE MATERIA
Término de materia o nombre geográfico como elemento de entrada Pintura griega
Fuente del encabezamiento o término embne
9 (RLIN) 16054
650 17 - PUNTO DE ACCESO ADICIONAL DE MATERIA--TÉRMINO DE MATERIA
Término de materia o nombre geográfico como elemento de entrada Escultura griega
Fuente del encabezamiento o término embne
9 (RLIN) 12443
700 1# - ENTRADA AGREGADA--NOMBRE PERSONAL
Nombre de persona Mis, Léon.
9 (RLIN) 81637
740 0# - ENTRADA AGREGADA--TÍTULO RELACIONADO/ANALÍTICO NO CONTROLADO
Título relacionado o analítico no controlado Gedanken über die Nachahmung der griechischen Werke in der Malerei und Bildhauerkunst.
830 0# - PUNTO DE ACCESO ADICIONAL DE SERIE-TÍTULO UNIFORME
Título uniforme Littératue allemande. Collection Bilingue
9 (RLIN) 219792
852 ## - LOCALIZACIÓN
Ubicación ES-MaACL
Número de control de estantería E-12093
Sublocalización o colección R.140033
Holdings
Estatus retirado Estado de pérdida Estado de daño No para préstamo Biblioteca de origen Biblioteca actual Ubicación en estantería Fecha de adquisición Fuente de adquisición Total de préstamos Signatura topográfica completa Código de barras Visto por última vez Precio de reemplazo Tipo de ítem Koha
        Biblioteca del Ateneo de Madrid Biblioteca del Ateneo de Madrid Depósito 2 17/01/2008     E-12093 1139323 23/02/2023 23/02/2023 Libro impreso